[Event "TOP 16"]
[Site "Gonfreville l'Orcher"]
[Date "2007.04.29"]
[Round "5"]
[White "Cochet, Caroline"]
[Black "Lam, Sophie"]
[Result "0-1"]
[WhiteElo "2059"]
[BlackElo "2064"]
[PlyCount "36"]
[EventDate "2007.04.30"]
[SourceDate "2007.04.30"]
[WhiteTeam "Antibes"]
[BlackTeam "Créteil"]
[WhiteTeamCountry "FRA"]
[BlackTeamCountry "FRA"]

1. e4 c5 2. Nf3 g6 3. d4 cxd4 4. Qxd4 Nf6 5. Bb5 Bg7 6. e5 a6 7. Ba4 Ng8 8. O-O
b5 9. Bb3 Nc6 10. Qe4 Qc7 11. Bf4 e6 12. a4 b4 13. Nbd2 Bb7 14. Qe2 Nge7 15.
Nc4 Nf5 16. g4 Ncd4 17. Nxd4 Nxd4 18. Qe3 Nf3+ 0-1

[Event "TOP 16"]
[Site "Gonfreville l'Orcher"]
[Date "2007.04.29"]
[Round "5"]
[White "Calistri, Tristan"]
[Black "Damljanovic, Branko"]
[Result "0-1"]
[WhiteElo "2368"]
[BlackElo "2585"]
[PlyCount "56"]
[EventDate "2007.04.30"]
[SourceDate "2007.04.30"]
[WhiteTeam "Créteil"]
[BlackTeam "Antibes"]
[WhiteTeamCountry "FRA"]
[BlackTeamCountry "FRA"]

1. e4 c5 2. Nf3 e6 3. d3 Nc6 4. g3 g6 5. Bg2 Bg7 6. O-O Nge7 7. Nbd2 O-O 8. c3
d6 9. Re1 e5 10. a4 h6 11. Nc4 Be6 12. Ne3 Qd7 13. Nd2 f5 14. Nd5 f4 15. Nc4 g5
16. Bf3 g4 17. Bg2 f3 18. Nxe7+ Qxe7 19. Bf1 h5 20. Qd2 h4 21. Qg5 Qxg5 22.
Bxg5 hxg3 23. hxg3 Bf6 24. Bh4 Rad8 25. Ne3 Bxh4 26. gxh4 g3 27. d4 exd4 28.
Nd5 g2 0-1

[Event "TOP 16"]
[Site "Gonfreville l'Orcher"]
[Date "2007.04.29"]
[Round "5"]
[White "Palac, Mladen"]
[Black "Netzer, Jean"]
[Result "1-0"]
[WhiteElo "2568"]
[BlackElo "2396"]
[PlyCount "77"]
[EventDate "2007.04.30"]
[SourceDate "2007.04.30"]
[WhiteTeam "Cannes"]
[BlackTeam "Bischwiller"]
[WhiteTeamCountry "FRA"]
[BlackTeamCountry "FRA"]

1. e4 c5 2. Nf3 e6 3. d4 cxd4 4. Nxd4 Nc6 5. Nc3 Qc7 6. Be3 a6 7. Qd2 Nf6 8.
O-O-O Bb4 9. f3 Ne5 10. Nb3 b5 11. Qe1 Be7 12. f4 Ng6 13. e5 Ng4 14. Ne4 Bb7
15. Nd6+ Bxd6 16. exd6 Qc8 17. Bd4 O-O 18. h3 Nh6 19. Qf2 Bd5 20. Bb6 Qc6 21.
Bc7 Rae8 22. Rg1 f5 23. g3 e5 24. c4 Bf3 25. Rd3 e4 26. Na5 Qa8 27. Re3 Kh8 28.
cxb5 Ng8 29. b6 Qd5 30. Qd2 Qxa2 31. Ra3 e3 32. Rxa2 exd2+ 33. Kxd2 Nf6 34. b7
Ne4+ 35. Kc1 Nc5 36. Bg2 Be2 37. b4 Nd3+ 38. Kd2 Nxb4 39. Rb2 1-0

[Event "TOP 16"]
[Site "Gonfreville l'Orcher"]
[Date "2007.04.29"]
[Round "5"]
[White "Schlosser, Philipp"]
[Black "Fontaine, Robert"]
[Result "1/2-1/2"]
[WhiteElo "2565"]
[BlackElo "2567"]
[PlyCount "58"]
[EventDate "2007.04.30"]
[SourceDate "2007.04.30"]
[WhiteTeam "Bischwiller"]
[BlackTeam "Cannes"]
[WhiteTeamCountry "FRA"]
[BlackTeamCountry "FRA"]

1. c4 e5 2. Nc3 Nc6 3. Nf3 Nf6 4. d4 exd4 5. Nxd4 Bc5 6. Nxc6 bxc6 7. g3 d5 8.
Bg2 O-O 9. O-O Be6 10. Qa4 Qe8 11. Bg5 Be7 12. b3 a5 13. Rac1 Bd7 14. Rfd1 Bb4
15. c5 Bxc5 16. Bxf6 Bb4 17. a3 c5 18. Qxd7 Qxd7 19. Nxd5 Qe6 20. axb4 gxf6 21.
Nxc7 Qxb3 22. Nxa8 cxb4 23. Nb6 Qe6 24. Nd5 b3 25. Bf3 a4 26. Ra1 b2 27. Rxa4
Rc8 28. Raa1 bxa1=Q 29. Rxa1 Rd8 1/2-1/2

[Event "TOP 16"]
[Site "Gonfreville l'Orcher"]
[Date "2007.04.30"]
[Round "6"]
[White "Heberla, Bartolomiej"]
[Black "Calistri, Tristan"]
[Result "1-0"]
[WhiteElo "2533"]
[BlackElo "2368"]
[PlyCount "69"]
[EventDate "2007.04.30"]
[SourceDate "2007.04.30"]
[WhiteTeam "Marseille"]
[BlackTeam "Créteil"]
[WhiteTeamCountry "FRA"]
[BlackTeamCountry "FRA"]

1. e4 c5 2. Nc3 Nc6 3. Bb5 Nd4 4. Bc4 g6 5. Nf3 Bg7 6. Nxd4 cxd4 7. Qf3 Nh6 8.
Ne2 O-O 9. d3 Ng4 10. Bb3 d6 11. Qg3 a5 12. a4 Qb6 13. h4 h5 14. Nf4 e6 15. O-O
Bd7 16. Bd2 Rfc8 17. Nh3 Qc5 18. Ng5 b5 19. axb5 Bxb5 20. Rxa5 Rxa5 21. Bxa5
Ba4 22. Bxa4 Qxa5 23. Bb3 Rc5 24. Qxd6 Rxg5 25. Qb8+ Kh7 26. hxg5 Be5 27. Qf8
Bh2+ 28. Kh1 Qxg5 29. Qxf7+ Kh6 30. Qf8+ Kh7 31. Bxe6 Be5 32. Bxg4 hxg4 33. g3
Qh5+ 34. Kg1 Qh3 35. Ra1 1-0

[Event "TOP 16"]
[Site "Gonfreville l'Orcher"]
[Date "2007.04.30"]
[Round "6"]
[White "Vallin, Guillaume"]
[Black "Guidarelli, Laurent"]
[Result "0-1"]
[WhiteElo "2418"]
[BlackElo "2458"]
[PlyCount "104"]
[EventDate "2007.04.30"]
[SourceDate "2007.04.30"]
[WhiteTeam "Gonfreville"]
[BlackTeam "Cannes"]
[WhiteTeamCountry "FRA"]
[BlackTeamCountry "FRA"]

1. d4 Nf6 2. c4 c5 3. Nf3 cxd4 4. Nxd4 b6 5. Nc3 Bb7 6. f3 e6 7. e4 d6 8. Be3
Be7 9. Be2 O-O 10. O-O Nbd7 11. Qd2 a6 12. Rfd1 Rc8 13. Rac1 Qc7 14. Qe1 Qb8
15. Qf2 Rfe8 16. Kh1 Bd8 17. g4 Ne5 18. g5 Nfd7 19. b3 Qa8 20. Kg1 Ng6 21. Bf1
Bc7 22. Bh3 Rcd8 23. Nde2 Ne7 24. Ng3 Qb8 25. f4 Ng6 26. Rf1 e5 27. Bxd7 Rxd7
28. f5 Nf4 29. Qd2 b5 30. Nd5 bxc4 31. bxc4 Bxd5 32. cxd5 Bb6 33. Rb1 Rb7 34.
Bxb6 Rxb6 35. Rxb6 Qxb6+ 36. Kh1 Rc8 37. Rc1 Rc5 38. Rxc5 Qxc5 39. h4 h6 40.
Kh2 hxg5 41. hxg5 g6 42. fxg6 fxg6 43. Qb2 Qc8 44. Kg1 Qd8 45. Qb7 Qxg5 46. Kf2
Nd3+ 47. Kf3 Qf4+ 48. Kg2 Qd2+ 49. Kf3 Qf2+ 50. Kg4 Qg2 51. Qd7 Nf2+ 52. Kh4
Qh2+ 0-1

[Event "TOP 16"]
[Site "Gonfreville l'Orcher"]
[Date "2007.05.01"]
[Round "7"]
[White "Guadalpi, David"]
[Black "Heinz, Timothee"]
[Result "1-0"]
[WhiteElo "2336"]
[BlackElo "2289"]
[PlyCount "33"]
[EventDate "2007.04.30"]
[SourceDate "2007.04.30"]
[WhiteTeam "Marseille"]
[BlackTeam "Bischwiller"]
[WhiteTeamCountry "FRA"]
[BlackTeamCountry "FRA"]

1. d4 Nf6 2. c4 e6 3. Nf3 b6 4. g3 Ba6 5. Qc2 c5 6. d5 exd5 7. cxd5 Bb7 8. Bg2
Bxd5 9. Nc3 Bc6 10. e4 d6 11. Bf4 Nbd7 12. O-O-O Qc7 13. e5 Nxe5 14. Bxe5 dxe5
15. Nxe5 Bxg2 16. Qa4+ Ke7 17. Rhe1 1-0

[Event "TOP 16"]
[Site "Gonfreville l'Orcher"]
[Date "2007.05.01"]
[Round "7"]
[White "Wagner, Claude"]
[Black "Gozzoli, Yannick"]
[Result "0-1"]
[WhiteElo "2365"]
[BlackElo "2453"]
[PlyCount "42"]
[EventDate "2007.04.30"]
[SourceDate "2007.04.30"]
[WhiteTeam "Bischwiller"]
[BlackTeam "Marseille"]
[WhiteTeamCountry "FRA"]
[BlackTeamCountry "FRA"]

1. d4 d5 2. Nf3 Nf6 3. c4 c6 4. Nc3 e6 5. e3 Nbd7 6. Qc2 Bd6 7. g4 dxc4 8. Bxc4
e5 9. g5 Nd5 10. Bd2 O-O 11. Bxd5 cxd5 12. Nb5 Bb8 13. dxe5 Nxe5 14. Nxe5 Bxe5
15. f4 Bxf4 16. O-O-O Bxg5 17. h4 Bf6 18. Bc3 Bg4 19. Rdg1 h5 20. Nd4 Re8 21.
Nf5 Rc8 0-1

[Event "TOP 16"]
[Site "Gonfreville l'Orcher"]
[Date "2007.05.01"]
[Round "7"]
[White "Vallin, Guillaume"]
[Black "Acher, Mathieu"]
[Result "1/2-1/2"]
[WhiteElo "2418"]
[BlackElo "2363"]
[PlyCount "38"]
[EventDate "2007.04.30"]
[SourceDate "2007.04.30"]
[WhiteTeam "Gonfreville"]
[BlackTeam "Antibes"]
[WhiteTeamCountry "FRA"]
[BlackTeamCountry "FRA"]

1. d4 Nf6 2. c4 g6 3. Nc3 Bg7 4. e4 d6 5. f4 O-O 6. Nf3 c5 7. dxc5 Qa5 8. Bd3
Qxc5 9. Qe2 Nc6 10. Be3 Qa5 11. O-O Bg4 12. Rac1 Nd7 13. Qf2 Bxf3 14. gxf3 Nc5
15. Bb1 Na4 16. Nxa4 Qxa4 17. Kh1 Qb4 18. b3 a5 19. c5 a4 1/2-1/2

[Event "TOP 16"]
[Site "Gonfreville l'Orcher"]
[Date "2007.05.01"]
[Round "7"]
[White "Ivanisevic, Ivan"]
[Black "Rausis, Igors"]
[Result "0-1"]
[WhiteElo "2614"]
[BlackElo "2537"]
[PlyCount "112"]
[EventDate "2007.04.30"]
[SourceDate "2007.04.30"]
[WhiteTeam "Antibes"]
[BlackTeam "Gonfreville"]
[WhiteTeamCountry "FRA"]
[BlackTeamCountry "FRA"]

1. d4 d5 2. c4 c6 3. Nc3 Nf6 4. Nf3 dxc4 5. a4 Bf5 6. Nh4 Bd7 7. g3 e6 8. Bg2
c5 9. Be3 Nc6 10. dxc5 Ng4 11. Bd2 Bxc5 12. Ne4 Be7 13. Bc3 O-O 14. O-O Qc7 15.
Nf3 Rfd8 16. Qc1 Rac8 17. h3 Nge5 18. Nxe5 Nxe5 19. g4 Ng6 20. Qe3 Bc6 21. Ng3
Nh4 22. Be4 Bxe4 23. Qxe4 Qc6 24. a5 Qxe4 25. Nxe4 Ng6 26. e3 f5 27. Ng3 Nh4
28. Rfd1 Kf7 29. Kf1 Bf6 30. Ke2 Ke7 31. Rxd8 Rxd8 32. Ra4 Bxc3 33. bxc3 Rc8
34. Rb4 Rc7 35. Rb5 Kf6 36. Nh5+ Kf7 37. Ng3 Kg6 38. f4 h6 39. Nf1 Kf6 40. Nd2
g5 41. fxg5+ hxg5 42. Rb4 Ng6 43. Nxc4 Rh7 44. Rb5 Rxh3 45. gxf5 exf5 46. Rxb7
g4 47. Nd6 Rh2+ 48. Kf1 g3 49. Rf7+ Ke6 50. Rg7 Ne5 51. Rxg3 Kxd6 52. Rg7 Nc6
53. Rg6+ Kc5 54. a6 Rc2 55. Rf6 Rxc3 56. Ke2 Kb6 0-1

[Event "TOP 16 Gonfreville l'Orcher"]
[Site "?"]
[Date "????.04.28"]
[Round "4"]
[White "Nezar, Mustapha"]
[Black "Spiridonov, Nikola"]
[Result "1/2-1/2"]
[WhiteElo "2420"]
[BlackElo "2363"]
[PlyCount "144"]
[SourceDate "2007.04.30"]
[WhiteTeamCountry "FRA"]
[BlackTeamCountry "FRA"]

1. d4 Nf6 2. c4 e6 3. Nf3 Bb4+ 4. Bd2 c5 5. Bxb4 cxb4 6. Nbd2 O-O 7. e4 d6 8.
Be2 Re8 9. O-O e5 10. d5 a5 11. Ne1 Na6 12. Nd3 Qb6 13. Rc1 Nc5 14. Nxc5 Qxc5
15. Nb3 Qc7 16. Qd3 b6 17. Nd2 Ba6 18. a3 bxa3 19. Qxa3 Nd7 20. Rc3 Nc5 21. Rg3
Rab8 22. b4 axb4 23. Qxb4 Ra8 24. Rb1 Reb8 25. Ra3 g6 26. h4 Qe7 27. g3 f5 28.
exf5 gxf5 29. Rba1 Kh8 30. Nb3 Qc7 31. Nxc5 bxc5 32. Qd2 Bb7 33. Qh6 Qe7 34.
Ra7 Rd8 35. Rxa8 Rxa8 36. Rb1 Rg8 37. Qe6 Qxe6 38. dxe6 Be4 39. Rb6 Kg7 40. f3
Bc2 41. Rxd6 Kf6 42. Kf2 f4 43. gxf4 exf4 44. Bd3 Bxd3 45. Rxd3 Ra8 46. Rd5
Ra2+ 47. Ke1 Kxe6 48. Rxc5 Rc2 49. Rc7 h5 50. Rc5 Rc3 51. Ke2 Re3+ 52. Kf2 Rc3
53. Kg2 Rc2+ 54. Kf1 Rc3 55. Ke2 Re3+ 56. Kf2 Rc3 57. Rxh5 Rxc4 58. Ke2 Rc3 59.
Ra5 Re3+ 60. Kf2 Rb3 61. Kg2 Kf6 62. Ra6+ Kf5 63. Rc6 Ra3 64. Rb6 Rc3 65. h5
Kg5 66. h6 Rc2+ 67. Kh3 Rc1 68. Rb5+ Kxh6 69. Kg4 Rc4 70. Rf5 Kg6 71. Rxf4
Rxf4+ 72. Kxf4 Kf6 1/2-1/2

[Event "TOP16 Gonfreville l'orcher"]
[Site "?"]
[Date "2007.04.30"]
[Round "6"]
[White "Cornette, Mathieu"]
[Black "Eliet, Nicolas"]
[Result "1/2-1/2"]
[WhiteElo "2490"]
[BlackElo "2464"]
[PlyCount "104"]
[SourceDate "2007.04.30"]
[WhiteTeam "CANNES"]
[BlackTeam "GONFREVILLE L'ORCHER"]

1. e4 c6 2. d4 d5 3. e5 Bf5 4. Be3 e6 5. Nd2 f6 6. Ngf3 Nd7 7. Be2 Qc7 8. c3
Ne7 9. exf6 gxf6 10. Nh4 Bg6 11. O-O Bg7 12. f4 O-O-O 13. b4 Bh6 14. a4 Kb8 15.
Qe1 Rhg8 16. Kh1 Rg7 17. g4 Rgg8 18. Qf2 Nc8 19. c4 dxc4 20. Bxc4 Rge8 21. Nxg6
hxg6 22. a5 a6 23. Rfc1 Nd6 24. Bf1 Ka8 25. Ra3 Rc8 26. Rac3 Nb8 27. Bg2 Qe7
28. Qf3 g5 29. Nc4 Nxc4 30. Rxc4 gxf4 31. Bxf4 Rh8 32. Rf1 Bxf4 33. Qxf4 Rcf8
34. Rc5 Rh4 35. h3 Qh7 36. Qf3 Qd7 37. Qf2 Rh7 38. Rfc1 Qd6 39. R1c3 Rd7 40.
Rd3 Qe7 41. Rf3 Rd6 42. Rc1 Rd5 43. Rb3 Rd6 44. Rf1 Qd8 45. Rf3 Nd7 46. g5 f5
47. h4 Rh8 48. Rh3 Nf8 49. Rd1 Rd7 50. Kg1 Rdh7 51. Re1 Qd6 52. b5 axb5 1/2-1/2

[Event "TOP16 Gonfreville l'orcher"]
[Site "?"]
[Date "2007.04.30"]
[Round "6"]
[White "Tkachiev, Vladislav"]
[Black "Bologan, Victor"]
[Result "1/2-1/2"]
[WhiteElo "2652"]
[BlackElo "2636"]
[PlyCount "48"]
[SourceDate "2007.04.30"]
[WhiteTeam "CANNES"]
[BlackTeam "GONFREVILLE L'ORCHER"]

1. d4 Nf6 2. c4 g6 3. Nf3 Bg7 4. g3 O-O 5. Bg2 d6 6. O-O Nc6 7. Nc3 a6 8. b3
Rb8 9. Nd5 Bg4 10. Bb2 e5 11. dxe5 Nxd5 12. cxd5 Bxf3 13. dxc6 Bxg2 14. Kxg2
bxc6 15. Qc2 c5 16. Rad1 Rb6 17. Rd5 Qa8 18. Rfd1 a5 19. Bc3 Ra6 20. exd6 Rxd6
21. e4 Bxc3 22. Qxc3 Re8 23. Qc4 a4 24. bxa4 Ra6 1/2-1/2

[Event "TOP16 Gonfevile l'orcher"]
[Site "?"]
[Date "2007.04.30"]
[Round "6"]
[White "Collas, Silvia"]
[Black "Leconte, Maria"]
[Result "1-0"]
[WhiteElo "2401"]
[BlackElo "2371"]
[PlyCount "79"]
[SourceDate "2007.04.30"]
[WhiteTeam "gonfeville l'orcher"]
[BlackTeam "cannes"]

1. Nf3 Nf6 2. c4 e6 3. Nc3 Bb4 4. Qc2 b6 5. a3 Bxc3 6. Qxc3 Bb7 7. e3 a5 8. b3
d6 9. Bb2 Nbd7 10. Be2 Qe7 11. O-O O-O 12. Rae1 e5 13. b4 c5 14. d4 cxb4 15.
axb4 Ne4 16. Qb3 Rfe8 17. bxa5 Rxa5 18. Bd3 Ng5 19. Nxg5 Qxg5 20. f3 Raa8 21.
Qc2 Nf6 22. d5 h5 23. f4 exf4 24. exf4 Qh6 25. Rxe8+ Rxe8 26. Qb3 Nd7 27. Qb5
Re7 28. Bf5 Nf8 29. Qxb6 h4 30. Ba3 Qh5 31. Bxd6 Re2 32. Bh3 Qg6 33. Qd8 Ba6
34. Bxf8 Bxc4 35. Bc5+ Kh7 36. Qxh4+ Kg8 37. f5 Qa6 38. Qd8+ Kh7 39. f6 Qb7 40.
fxg7 1-0

[Event "TOP16 gonfreville l'orcher"]
[Site "?"]
[Date "2007.04.30"]
[Round "6"]
[White "Degraeve, Jean-Marc"]
[Black "Kazhgaleyev, Murtas"]
[Result "1/2-1/2"]
[WhiteElo "2603"]
[BlackElo "2549"]
[PlyCount "69"]
[SourceDate "2007.04.30"]
[WhiteTeam "gonfreville l'orcher"]
[BlackTeam "cannes"]

1. e4 e5 2. Nf3 Nc6 3. Bc4 Bc5 4. c3 Nf6 5. d3 d6 6. Nbd2 a6 7. Bb3 O-O 8. O-O
Ba7 9. h3 Ne7 10. Re1 Ng6 11. Nf1 h6 12. Ng3 b5 13. d4 Bb7 14. Bc2 Re8 15. Be3
exd4 16. Nxd4 d5 17. Nb3 Bxe3 18. Rxe3 dxe4 19. Nc5 Bc6 20. Ncxe4 Qxd1+ 21.
Rxd1 Nd5 22. Ree1 Ndf4 23. Nf5 Re5 24. Nd4 Bb7 25. Nf3 Re6 26. Ned2 Rae8 27.
Rxe6 Rxe6 28. Re1 Rxe1+ 29. Nxe1 Ne5 30. h4 Bd5 31. g3 Ne6 32. Bb3 Bxb3 33.
Nxb3 Ng4 34. Nd4 Kf8 35. Kf1 1/2-1/2

[Event "Top16 Gonfreville l'Orcher"]
[Site "?"]
[Date "2007.04.30"]
[Round "6"]
[White "Kotronias, vasilios"]
[Black "Meier, Friso"]
[Result "1-0"]
[WhiteElo "2570"]
[BlackElo "2506"]
[PlyCount "123"]
[SourceDate "2007.04.30"]
[WhiteTeam "Antibes"]
[BlackTeam "Vandoeuvre"]

1. e4 e6 2. d4 d5 3. Nd2 dxe4 4. Nxe4 Nd7 5. Bd3 Ngf6 6. Qe2 c5 7. Nf3 cxd4 8.
O-O Nxe4 9. Bxe4 Nc5 10. Rd1 Be7 11. Rxd4 Qb6 12. a4 Nxe4 13. Qxe4 f6 14. a5
Qc6 15. Qxc6+ bxc6 16. Be3 e5 17. Rc4 Kd7 18. Nd2 Kc7 19. f4 Be6 20. Rca4 Bd6
21. fxe5 Bxe5 22. Nf3 Bd6 23. Nd4 Rhe8 24. Nxe6+ Rxe6 25. Bb6+ Kd7 26. Bf2 c5
27. a6 Kc6 28. c3 Re2 29. b4 Rc2 30. bxc5 Bxc5 31. Bxc5 Kxc5 32. Rg4 g6 33. Rh4
h5 34. Rf4 f5 35. Ra5+ Kd6 36. Rd4+ Ke6 37. Rc5 Rb8 38. Rc6+ Ke5 39. Rd1 Rbb2
40. Re1+ Kf4 41. Rxg6 h4 42. h3 Ra2 43. Kh2 Rxc3 44. Rf1+ Ke5 45. Rg5 Rg3 46.
Rgxf5+ Ke6 47. R5f2 Rxf2 48. Rxf2 Rg7 49. Rf4 Rh7 50. Kg1 Ke5 51. Rg4 Kf5 52.
Kf2 Rh6 53. Ra4 Kg5 54. Ra5+ Kf4 55. Rb5 Rxa6 56. Rh5 Ra2+ 57. Kg1 a5 58. Rxh4+
Kf5 59. Kh2 Ra3 60. Rh5+ Kf4 61. Rb5 Ke4 62. h4 1-0

[Event "Top16 Gonfreville l'Orcher"]
[Site "?"]
[Date "2007.04.30"]
[Round "6"]
[White "Nijboer, Friso"]
[Black "Ivasinevic, Ivan"]
[Result "1/2-1/2"]
[WhiteElo "2606"]
[BlackElo "2614"]
[PlyCount "60"]
[SourceDate "2007.04.30"]
[WhiteTeam "Vandoeuvre"]
[BlackTeam "Antibes"]

1. e4 c5 2. Nf3 e6 3. Nc3 Nc6 4. d4 cxd4 5. Nxd4 Qc7 6. Be2 a6 7. O-O Nf6 8.
Kh1 Nxd4 9. Qxd4 Bc5 10. Qd3 b5 11. f4 Bb7 12. Bf3 h5 13. e5 Ng4 14. Bxb7 Qxb7
15. Ne4 Rc8 16. Bd2 Be7 17. Bc3 Qd5 18. Rae1 Qxd3 19. cxd3 O-O 20. h3 Nh6 21.
Rc1 Nf5 22. g4 hxg4 23. hxg4 Ne3 24. Rf3 Nd5 25. Re1 f6 26. exf6 gxf6 27. f5
Rf7 28. fxe6 dxe6 29. Ref1 Rcf8 30. Kg2 Rg7 1/2-1/2

[Event "Top16 Gonfreville l'Orcher"]
[Site "?"]
[Date "2007.04.30"]
[Round "6"]
[White "Damljanovic, Branko"]
[Black "Gleck, Igor"]
[Result "1-0"]
[WhiteElo "2585"]
[BlackElo "2531"]
[PlyCount "50"]
[SourceDate "2007.04.30"]
[WhiteTeam "Antibes"]
[BlackTeam "Vandoeuvre"]

1. Nf3 d6 2. d4 Nf6 3. Nc3 d5 4. Qd3 c6 5. e4 dxe4 6. Nxe4 Nxe4 7. Qxe4 Qa5+ 8.
c3 Bf5 9. Qf4 e6 10. Bc4 Nd7 11. O-O Be7 12. Re1 O-O 13. g4 Bg6 14. h4 h5 15.
Ne5 Bd6 16. Qg5 Bxe5 17. gxh5 Bh2+ 18. Kxh2 Qxg5 19. hxg5 Bxh5 20. Kg3 Bg6 21.
Bf4 b5 22. Bb3 Nb6 23. Bd6 Rfe8 24. a4 Rad8 25. Ba3 a6 {illisible} 1-0

[Event "Top16 Gonfreville l'Orcher"]
[Site "?"]
[Date "2007.04.30"]
[Round "6"]
[White "Brunner , Nicolas"]
[Black "Miralles, Gilles"]
[Result "1-0"]
[WhiteElo "2439"]
[BlackElo "2486"]
[PlyCount "103"]
[SourceDate "2007.04.30"]
[WhiteTeam "Vandoeuvre"]
[BlackTeam "Antibes"]

1. d4 d5 2. c4 e6 3. Nc3 Be7 4. Nf3 Nf6 5. Qc2 O-O 6. cxd5 exd5 7. Bg5 c5 8.
dxc5 Nc6 9. Rd1 Qa5 10. e3 Bg4 11. Be2 Ne4 12. Bxe7 Nxe7 13. Nd4 Bxe2 14. Ndxe2
Qxc5 15. O-O Rad8 16. Qb3 Nf6 17. Rd2 Rd7 18. Rc1 Qa5 19. Nf4 Rfd8 20. Qb5 Qxb5
21. Nxb5 Nc6 22. Nd4 Ne5 23. b3 g6 24. f3 h5 25. h4 a6 26. Rc5 Kg7 27. a4 Re8
28. a5 Rd6 29. Rc7 b6 30. Ra2 Ned7 31. Kf2 bxa5 32. Rxa5 Rb8 33. Ke2 Kg8 34.
Kd2 Rbb6 35. Nfe2 Kf8 36. Nc3 Ne5 37. Na4 Rb8 38. Ra7 Kg7 39. R5xa6 Rd7 40. Nc5
Rxa7 41. Rxa7 Kf8 42. Nd3 Ned7 43. b4 Nb6 44. Ne5 Nc4+ 45. Nxc4 dxc4 46. b5 Nd5
47. e4 c3+ 48. Kc2 Ne3+ 49. Kxc3 Nxg2 50. Kb4 Nf4 51. Nc6 Nd3+ 52. Kc3 1-0

[Event "Top16 Gonfreville l'Orcher"]
[Site "?"]
[Date "2007.04.30"]
[Round "6"]
[White "Vaisser, Anatoly"]
[Black "Nezar, Mustapha"]
[Result "1-0"]
[WhiteElo "2545"]
[BlackElo "2420"]
[PlyCount "81"]
[SourceDate "2007.04.30"]
[WhiteTeam "Antibes"]
[BlackTeam "Vandoeuvre"]

1. d4 d5 2. c4 c6 3. Nc3 Nf6 4. cxd5 cxd5 5. Bf4 Nc6 6. e3 Bf5 7. Nf3 e6 8. Qb3
Bb4 9. Bb5 Qe7 10. Ne5 Rc8 11. Nxc6 bxc6 12. Ba6 Rd8 13. Qa4 Bxc3+ 14. bxc3 Qd7
15. f3 O-O 16. O-O Ne8 17. c4 Bd3 18. cxd5 Bxa6 19. dxe6 Qxe6 20. Qxa6 Nf6 21.
e4 Rxd4 22. Qxa7 Rc4 23. Rac1 h6 24. Qa6 Rxc1 25. Rxc1 Rc8 26. a4 Qd7 27. Be3
h5 28. h4 Qe6 29. a5 Rd8 30. Qb6 Rc8 31. a6 Nd7 32. Qb7 Ne5 33. a7 Qe8 34. Ra1
Ra8 35. Rb1 Nd7 36. Qxc6 Kh7 37. Rd1 Nf6 38. Qxe8 Nxe8 39. Rb1 Kg6 40. Rb8 Nc7
41. Bb6 1-0

[Event "Top16 Gonfreville l'Orcher"]
[Site "?"]
[Date "2007.04.30"]
[Round "6"]
[White "Philippe, Christophe"]
[Black "Bijaoui, Manuel"]
[Result "1/2-1/2"]
[WhiteElo "2354"]
[BlackElo "2388"]
[PlyCount "85"]
[SourceDate "2007.04.30"]
[WhiteTeam "Vandoeuvre"]
[BlackTeam "Antibes"]

1. e4 c5 2. Nf3 d6 3. d4 cxd4 4. Nxd4 Nf6 5. Nc3 a6 6. Bc4 e6 7. Bb3 Nbd7 8.
Bg5 Nc5 9. f4 Be7 10. Qf3 Qc7 11. O-O-O b5 12. Rhe1 Nxb3+ 13. axb3 Bb7 14. Qg3
b4 15. Bxf6 Bxf6 16. e5 dxe5 17. fxe5 bxc3 18. Nf5 O-O 19. exf6 Qxg3 20. Nxg3
cxb2+ 21. Kxb2 gxf6 22. Nh5 f5 23. Rd7 Bc6 24. Rd6 Rfc8 25. c4 Kf8 26. Nf4 a5
27. Ka3 Be4 28. Rc1 Ke7 29. Rb6 e5 30. Nh5 Rcb8 31. Rh6 Rb4 32. Rc3 f4 33. Nf6
Bxg2 34. Nd5+ Bxd5 35. cxd5 Ra7 36. d6+ Kd7 37. Rf6 Rab7 38. Rd3 Ke8 39. Rc3
Kf8 40. Rf5 R4b5 41. Ka4 Rb4+ 42. Ka3 R4b5 43. Ka4 1/2-1/2

[Event "Top16 Gonfreville l'Orcher"]
[Site "?"]
[Date "2007.04.30"]
[Round "6"]
[White "Acher, Mathieu"]
[Black "Paci, Cédric"]
[Result "1/2-1/2"]
[WhiteElo "2363"]
[BlackElo "2291"]
[PlyCount "171"]
[SourceDate "2007.04.30"]
[WhiteTeam "Antibes"]
[BlackTeam "Vandoeuvre"]

1. e4 e5 2. Nf3 Nc6 3. Bb5 a6 4. Ba4 Nf6 5. O-O Be7 6. Re1 b5 7. Bb3 d6 8. c3
O-O 9. d4 Bg4 10. Be3 exd4 11. cxd4 d5 12. e5 Ne4 13. Nc3 Nxc3 14. bxc3 Qd7 15.
Qd3 Bxf3 16. gxf3 f5 17. f4 Na5 18. Bd2 Nxb3 19. axb3 a5 20. c4 bxc4 21. bxc4
a4 22. c5 Ra7 23. Ra3 g6 24. Rea1 Rfa8 25. Kg2 Kf7 26. Rb1 Bd8 27. Qc2 Qc6 28.
Rb4 Ke6 29. Qa2 Be7 30. Bc1 Ra6 31. Bd2 R6a7 32. Bc1 Kf7 33. Bd2 Ke6 34. Kf3 h6
35. Kg2 Kf7 36. Kg1 Ra6 37. Rh3 Kg7 38. Ra3 Kf7 39. Kf1 Ke6 40. Ke1 R6a7 41.
Rg3 Rg8 42. Ra3 Rga8 43. Rg3 Kf7 44. Ra3 Kg7 45. Be3 Kf7 46. Bd2 Kg7 47. Be3
Bh4 48. Bd2 Kf7 49. Be3 g5 50. Bd2 Ke6 51. Qb1 Qe8 52. Rb7 Qc6 53. Rb4 Rg8 54.
Rb8 Rxb8 55. Qxb8 Ra8 56. Qb4 Qa6 57. Bc1 gxf4 58. Bxf4 Kf7 59. Qb1 Qg6 60. Bg3
Bg5 61. Qb7 f4 62. Qxa8 Qb1+ 63. Ke2 Qb2+ 64. Kf1 Qxa3 65. Qxd5+ Kf8 66. Bxf4
Qd3+ 67. Kg2 a3 68. Bxg5 hxg5 69. e6 Qe2 70. Qf5+ Kg7 71. Qxg5+ Kh7 72. Qf5+
Kg7 73. Qf7+ Kh6 74. Qf6+ Kh7 75. Qf5+ Kg7 76. Qg5+ Kh7 77. e7 a2 78. Qf5+ Kg7
79. Qf8+ Kh7 80. Qf5+ Kh6 81. Qf4+ Kg7 82. Qf8+ Kh7 83. Qf7+ Kh6 84. Qf8+ Kh7
85. Qf7+ Kh6 86. Qf8+ 1/2-1/2

[Event "Top16 Gonfreville l'Orcher"]
[Site "?"]
[Date "2007.04.30"]
[Round "6"]
[White "Klipper , Rebecca"]
[Black "Cochet, Caroline"]
[Result "1/2-1/2"]
[WhiteElo "2026"]
[BlackElo "2059"]
[PlyCount "128"]
[SourceDate "2007.04.30"]
[WhiteTeam "Vandoeuvre"]
[BlackTeam "Antibes"]

1. e4 c5 2. Nf3 Nc6 3. c3 Nf6 4. e5 Nd5 5. d4 cxd4 6. cxd4 d6 7. Bc4 Nb6 8. Bb3
g6 9. Bxf7+ Kxf7 10. Ng5+ Ke8 11. e6 Bg7 12. Nf7 Qc7 13. Nxh8 Nxd4 14. Na3 Bxh8
15. Be3 Nxe6 16. Rc1 Qd8 17. Qb3 Bd7 18. Nb5 Kf8 19. O-O Bxb5 20. Qxb5 Nd4 21.
Qd3 Nf5 22. Qb3 Nxe3 23. fxe3+ Bf6 24. e4 Nd7 25. g4 g5 26. h4 h6 27. Qe6 Qb6+
28. Kh1 Rd8 29. hxg5 hxg5 30. Rc2 Qb5 31. Rf5 Qd3 32. Rh2 Qd1+ 33. Kg2 Qd2+ 34.
Rf2 Nc5 35. Qxf6+ exf6 36. Rxd2 Nxe4 37. Rd4 Nc5 38. Rh8+ Ke7 39. Rxd8 Kxd8 40.
Rxd6+ Ke7 41. Rd5 Nd7 42. Ra5 a6 43. Ra3 Kd6 44. Rf3 Ke6 45. Rb3 b6 46. Kg3 Kd5
47. Rd3+ Ke6 48. Rd2 a5 49. Rd4 Ne5 50. Kf2 Nc6 51. Re4+ Kd5 52. Ke3 Ne5 53. b3
Kc5 54. a3 Kd5 55. Rd4+ Kc5 56. Ke4 Nxg4 57. Rd5+ Kc6 58. Rf5 Kd6 59. a4 Kc6
60. Rf3 Kd6 61. Kf5 Ne5 62. Rc3 Nd7 63. Rh3 Kd5 64. Rd3+ Kc6 1/2-1/2

[Event "Top16 Gonfreville l'Orcher"]
[Site "?"]
[Date "2007.04.30"]
[Round "6"]
[White "Dourerassou, Jonathan"]
[Black "Genov, Petar"]
[Result "1/2-1/2"]
[WhiteElo "2350"]
[BlackElo "2474"]
[PlyCount "36"]
[SourceDate "2007.04.30"]
[WhiteTeam "Créteil"]
[BlackTeam "Marseille"]

1. e4 c5 2. Nf3 e6 3. d4 cxd4 4. Nxd4 a6 5. Nc3 b5 6. Bd3 Qb6 7. Be3 Bc5 8. Be2
Nc6 9. Nxc6 Bxe3 10. fxe3 dxc6 11. Qd4 Qxd4 12. exd4 e5 13. d5 Bb7 14. O-O-O
Nf6 15. Bf3 O-O-O 16. Rhe1 Kc7 17. a3 h5 18. Rd3 Rd6 1/2-1/2